000 00632nam a2200193 a 4500
001 000036071
005 20200930074842.0
008 111125s1978 sp ac 000 0 spa d
020 _a8425207266
040 _aDO-SdBNP
_bspa
_cBNPHU
082 _axxxx
_bR454
240 1 0 _aRevue d´Esthétique
_lespañol
245 0 0 _aRevue d´Esthétique :
_bLa práctica de la pintura /
_cversión castellana Francesc Serra i Cantarell.
260 _aBarcelona :
_bGustavo Gili,
_c1978.
300 _a211p. :
_bil., retrs. ;
_c21 cm.
490 1 _aPunto y línea
700 1 _aSerra i Cantarell, Francesc
_962103
830 0 _aPunto y línea
_948287
999 _c35562
_d35562